[Event "EU-ch U16 Girls"]
[Site "Mureck"]
[Date "1998.??.??"]
[Round "6"]
[White "Moser, Eva"]
[Black "Kovacevic, Radmila"]
[Result "1-0"]
[WhiteElo "2190"]
[BlackElo "2105"]
[PlyCount "34"]
[EventDate "1998.07.08"]
[EventType "swiss"]
[EventRounds "9"]
[EventCountry "AUT"]
[SourceTitle "CBM 065 Extra"]
[Source "ChessBase"]
[SourceDate "1998.09.09"]
[SourceVersion "1"]
[SourceVersionDate "1998.09.09"]
[SourceQuality "1"]

1. e4 e5 2. Nf3 Nf6 3. d4 Nxe4 4. Bd3 Nc6 5. Bxe4 d5 6. Bxh7 Rxh7 7. dxe5 Bg4
8. Bf4 Qd7 9. Qd3 Bf5 10. Qb3 O-O-O 11. O-O d4 12. Ng5 Rh4 13. g3 Rg4 14. Qxf7
Be7 15. e6 Qd5 16. c4 Qc5 17. Nd2 Bxg5 1-0

[Event "Elekes Memorial IM"]
[Site "Budapest"]
[Date "1998.??.??"]
[Round "6"]
[White "Szieberth, Adam"]
[Black "Moser, Eva"]
[Result "1-0"]
[WhiteElo "2390"]
[BlackElo "2180"]
[PlyCount "99"]
[EventDate "1998.05.??"]
[EventType "tourn"]
[EventRounds "11"]
[EventCountry "HUN"]
[EventCategory "2"]
[SourceTitle "EXT 2002"]
[Source "ChessBase"]
[SourceDate "2001.11.25"]
[SourceVersion "1"]
[SourceVersionDate "2001.11.25"]
[SourceQuality "1"]

1. e4 e6 2. d4 d5 3. Nc3 Bb4 4. e5 c5 5. a3 Bxc3+ 6. bxc3 Ne7 7. Qg4 Qc7 8.
Qxg7 Rg8 9. Qxh7 cxd4 10. Ne2 Nbc6 11. f4 Bd7 12. Qd3 dxc3 13. h4 Nf5 14. h5
O-O-O 15. Rg1 Nh6 16. g3 f6 17. exf6 e5 18. fxe5 Ng4 19. Qxc3 d4 20. Qc5 d3 21.
cxd3 Ngxe5 22. Nf4 Nf3+ 23. Kf2 Nxg1 24. Ng6 b6 25. Qc3 Nh3+ 26. Bxh3 Bxh3 27.
Bf4 Qd7 28. f7 Rgf8 29. Ne5 Qd4+ 30. Qxd4 Nxd4 31. Rc1+ Kb7 32. Bh6 Rh8 33. Bg5
Rd5 34. Ng6 Rb8 35. Bf4 Rf5 36. Rc7+ Ka6 37. Ke3 Ne6 38. Re7 Nxf4 39. gxf4 Bg4
40. h6 Bh5 41. f8=Q Rfxf8 42. Nxf8 Rxf8 43. h7 Rh8 44. f5 Kb5 45. Kf4 Bd1 46.
f6 Bb3 47. Kg5 Kc5 48. f7 Ba4 49. Kh6 Kd6 50. Rxa7 1-0

[Event "EU-ch U16 Girls"]
[Site "Mureck"]
[Date "1998.??.??"]
[Round "5"]
[White "Gasparian, Narine"]
[Black "Moser, Eva"]
[Result "0-1"]
[WhiteElo "2070"]
[BlackElo "2190"]
[PlyCount "106"]
[EventDate "1998.07.08"]
[EventType "swiss"]
[EventRounds "9"]
[EventCountry "AUT"]
[SourceTitle "CBM 065 Extra"]
[Source "ChessBase"]
[SourceDate "1998.09.09"]
[SourceVersion "1"]
[SourceVersionDate "1998.09.09"]
[SourceQuality "1"]

1. d4 d6 2. c4 g6 3. g3 Bg7 4. Bg2 Nf6 5. Nf3 O-O 6. O-O Nc6 7. d5 Na5 8. Nfd2
c5 9. Nc3 a6 10. Qc2 Rb8 11. Rb1 Nd7 12. b3 b5 13. Bb2 Ne5 14. f4 Ng4 15. Nd1
Bxb2 16. Rxb2 bxc4 17. bxc4 Bd7 18. Qc3 Qc7 19. h3 Nf6 20. e4 Rxb2 21. Nxb2 Rb8
22. Nd3 Nb7 23. e5 Ne8 24. Ne4 Qa5 25. Qb2 Qd8 26. Rb1 Qc8 27. g4 h5 28. gxh5
Bxh3 29. hxg6 fxg6 30. e6 Bf5 31. Ndf2 Qd8 32. Bh3 Ng7 33. Qa3 Na5 34. Rxb8
Qxb8 35. Qxa5 Bxe4 36. Qe1 Qb1 37. Kf1 Bd3+ 38. Nxd3 Qxd3+ 39. Kg2 Qxc4 40. Qd2
Qe4+ 41. Kf2 Nh5 42. Bf1 Qxf4+ 43. Qxf4 Nxf4 44. Bc4 a5 45. Ke3 g5 46. Kd2 Kg7
47. Bb3 Kf6 48. Kc3 g4 49. Bd1 g3 50. Bf3 g2 51. Bxg2 Nxg2 52. Kc4 Ne3+ 53. Kb5
c4 0-1

[Event "Elekes Memorial IM"]
[Site "Budapest"]
[Date "1998.??.??"]
[Round "5"]
[White "Moser, Eva"]
[Black "Kovacs, Janos"]
[Result "0-1"]
[WhiteElo "2180"]
[BlackElo "2220"]
[PlyCount "140"]
[EventDate "1998.05.??"]
[EventType "tourn"]
[EventRounds "11"]
[EventCountry "HUN"]
[EventCategory "2"]
[SourceTitle "EXT 2002"]
[Source "ChessBase"]
[SourceDate "2001.11.25"]
[SourceVersion "1"]
[SourceVersionDate "2001.11.25"]
[SourceQuality "1"]

1. e4 c5 2. c3 d5 3. exd5 Qxd5 4. d4 Nf6 5. Nf3 e6 6. Na3 Be7 7. Nb5 Qd8 8. Bd3
a6 9. Na3 Nc6 10. O-O b5 11. Re1 O-O 12. Bg5 Nd5 13. Bxe7 Qxe7 14. Nc2 Bb7 15.
Ne3 Nxe3 16. fxe3 Rfd8 17. Qc2 h6 18. Bh7+ Kh8 19. Be4 Rac8 20. Qf2 Kg8 21.
Rac1 Na5 22. Bb1 Bxf3 23. Qxf3 Nc4 24. Re2 Qg5 25. Rf1 Rc7 26. Qe4 g6 27. Rf3
cxd4 28. cxd4 Nd6 29. Qf4 Rc1+ 30. Rf1 Qxf4 31. exf4 Rxf1+ 32. Kxf1 Nc4 33. b3
Na3 34. Be4 Rxd4 35. g3 b4 36. Bb7 Rd6 37. Ke1 Nb1 38. Re4 Rb6 39. Bc8 Nc3 40.
Re5 Nd5 41. Kd2 Kf8 42. g4 Ne7 43. Rc5 Ke8 44. Rc7 Rd6+ 45. Ke2 Kd8 46. Ra7
Nxc8 47. Rxf7 Ne7 48. Rh7 e5 49. fxe5 Re6 50. Rxh6 Rxe5+ 51. Kd3 Rg5 52. h3 Kd7
53. Rh8 Nc6 54. Rg8 Kd6 55. Kc2 Kd5 56. Kb2 Ke4 57. Rc8 Ne5 58. Ra8 Nd3+ 59.
Kc2 Rc5+ 60. Kd2 a5 61. Re8+ Ne5 62. Re6 Kf4 63. Re8 Rd5+ 64. Kc2 Kg3 65. Rh8
Nf3 66. Kb2 Ng1 67. a3 Nxh3 68. axb4 axb4 69. Re8 Rd4 70. g5 Kg4 0-1

[Event "EU-ch U16 Girls"]
[Site "Mureck"]
[Date "1998.??.??"]
[Round "4"]
[White "Moser, Eva"]
[Black "Kieran, Rosalind"]
[Result "1/2-1/2"]
[WhiteElo "2190"]
[BlackElo "2050"]
[PlyCount "61"]
[EventDate "1998.07.08"]
[EventType "swiss"]
[EventRounds "9"]
[EventCountry "AUT"]
[SourceTitle "CBM 065 Extra"]
[Source "ChessBase"]
[SourceDate "1998.09.09"]
[SourceVersion "1"]
[SourceVersionDate "1998.09.09"]
[SourceQuality "1"]

1. e4 c5 2. c3 Nf6 3. e5 Nd5 4. d4 cxd4 5. Nf3 Nc6 6. cxd4 d6 7. Be2 g6 8. O-O
Bg7 9. Qb3 Nb6 10. Rd1 O-O 11. Be3 Qc7 12. exd6 Qxd6 13. Nc3 Bd7 14. a3 Na5 15.
Qa2 Rac8 16. Ne4 Qd5 17. Qxd5 Nxd5 18. Nc5 Bf5 19. b4 b6 20. bxa5 Nxe3 21. fxe3
bxc5 22. Rac1 cxd4 23. Nxd4 Bxd4 24. exd4 Rfd8 25. a6 Be4 26. Kf2 Kg7 27. g4 f5
28. g5 Kf8 29. Bc4 Rd6 30. Bb5 Rdd8 31. Ba4 1/2-1/2

[Event "Elekes Memorial IM"]
[Site "Budapest"]
[Date "1998.??.??"]
[Round "4"]
[White "Somogyi, Istvan"]
[Black "Moser, Eva"]
[Result "0-1"]
[WhiteElo "2225"]
[BlackElo "2180"]
[PlyCount "78"]
[EventDate "1998.05.??"]
[EventType "tourn"]
[EventRounds "11"]
[EventCountry "HUN"]
[EventCategory "2"]
[SourceTitle "EXT 2002"]
[Source "ChessBase"]
[SourceDate "2001.11.25"]
[SourceVersion "1"]
[SourceVersionDate "2001.11.25"]
[SourceQuality "1"]

1. d4 Nf6 2. c4 g6 3. Nc3 Bg7 4. g3 O-O 5. Bg2 d6 6. Nf3 c5 7. b3 Nc6 8. Bb2
Bf5 9. O-O Qa5 10. e3 Nb4 11. Ne1 cxd4 12. exd4 e5 13. Nb5 Qb6 14. Bc3 Nbd5 15.
Bb2 e4 16. a4 a6 17. a5 Qd8 18. Na3 Ne7 19. Nac2 Nc6 20. Qd2 d5 21. Ne3 Be6 22.
N1c2 Bh6 23. c5 Nh5 24. b4 f5 25. f4 Qe8 26. Bc3 g5 27. fxg5 Bxg5 28. Bh3 f4
29. Bxe6+ Qxe6 30. gxf4 Bxf4 31. Kh1 Kh8 32. Qf2 Qh3 33. Rg1 Rg8 34. Nxd5 Ng3+
35. Rxg3 Bxg3 36. Nf4 Bxf4 37. Bd2 Bxh2 38. Ra3 Bg3+ 39. Kg1 Bxf2+ 0-1

[Event "Elekes Memorial IM"]
[Site "Budapest"]
[Date "1998.??.??"]
[Round "3"]
[White "Moser, Eva"]
[Black "Petran, Pal"]
[Result "1/2-1/2"]
[WhiteElo "2180"]
[BlackElo "2390"]
[PlyCount "79"]
[EventDate "1998.05.??"]
[EventType "tourn"]
[EventRounds "11"]
[EventCountry "HUN"]
[EventCategory "2"]
[SourceTitle "EXT 2002"]
[Source "ChessBase"]
[SourceDate "2001.11.25"]
[SourceVersion "1"]
[SourceVersionDate "2001.11.25"]
[SourceQuality "1"]

1. e4 e5 2. Nf3 Nc6 3. Bc4 Bc5 4. c3 Nf6 5. O-O d6 6. d4 exd4 7. cxd4 Bb6 8. d5
Ne7 9. Nc3 Ng6 10. h3 O-O 11. Re1 Re8 12. Bd2 h6 13. Qc2 Bd7 14. Be3 Qe7 15.
Bxb6 axb6 16. Re3 Ne5 17. Be2 Nxf3+ 18. Bxf3 Qe5 19. Be2 Re7 20. Bd3 c6 21.
dxc6 bxc6 22. Nd5 cxd5 23. exd5 Qg5 24. Rxe7 Bxh3 25. f4 Qg3 26. Rae1 Bxg2 27.
Bh7+ Nxh7 28. Qxg2 Qxf4 29. Re8+ Rxe8 30. Rxe8+ Nf8 31. Qe2 Qd4+ 32. Kh2 Qh4+
33. Kg2 Qg5+ 34. Kf2 Qf4+ 35. Kg2 Qg5+ 36. Kf2 Qxd5 37. Qe7 Qd2+ 38. Kf3 Qd3+
39. Kf2 Qf5+ 40. Kg2 1/2-1/2

[Event "Elekes Memorial IM"]
[Site "Budapest"]
[Date "1998.??.??"]
[Round "2"]
[White "Szabolcsi, Janos"]
[Black "Moser, Eva"]
[Result "1-0"]
[WhiteElo "2390"]
[BlackElo "2180"]
[PlyCount "116"]
[EventDate "1998.05.??"]
[EventType "tourn"]
[EventRounds "11"]
[EventCountry "HUN"]
[EventCategory "2"]
[SourceTitle "EXT 2002"]
[Source "ChessBase"]
[SourceDate "2001.11.25"]
[SourceVersion "1"]
[SourceVersionDate "2001.11.25"]
[SourceQuality "1"]

1. d4 Nf6 2. Nf3 g6 3. g3 Bg7 4. Bg2 O-O 5. O-O d6 6. c4 Nc6 7. Nc3 e5 8. d5
Ne7 9. c5 e4 10. Ng5 dxc5 11. Ngxe4 Nfxd5 12. Nxd5 Nxd5 13. Bg5 f6 14. Qxd5+
Qxd5 15. Nxf6+ Bxf6 16. Bxd5+ Kg7 17. Bxf6+ Rxf6 18. Rac1 c6 19. Bg2 Be6 20. b3
a5 21. Rxc5 a4 22. Rb1 Rf7 23. Re5 Kf6 24. Re3 axb3 25. axb3 Rd8 26. Rf3+ Ke7
27. Rxf7+ Bxf7 28. f4 Rd4 29. b4 Rd2 30. Kf2 Ba2 31. Ra1 Rb2 32. Bf3 Kf6 33.
Ke3 Be6 34. Ra4 Bc4 35. h4 h5 36. Kd4 Bxe2 37. Kc3 Bb5 38. Ra7 Rb1 39. Rxb7 Rg1
40. Kd4 Rxg3 41. Bxc6 Rd3+ 42. Kc5 Bxc6 43. Kxc6 Rd4 44. Rb8 Ke6 45. Kc5 Rxf4
46. b5 Kd7 47. Rg8 Rf6 48. Kb4 Kc7 49. Ka5 Kb7 50. Rg7+ Kb8 51. Kb4 Kc8 52. Kc5
Kb8 53. Rd7 Kc8 54. Rd6 Rf4 55. Rd4 Rf6 56. Kd5 Kb7 57. Re4 Rf5+ 58. Ke6 Rxb5
1-0

[Event "EU-ch U16 Girls"]
[Site "Mureck"]
[Date "1998.??.??"]
[Round "2"]
[White "Moser, Eva"]
[Black "Balkhamishvili, Tamar"]
[Result "1-0"]
[WhiteElo "2190"]
[BlackElo "2035"]
[PlyCount "79"]
[EventDate "1998.07.08"]
[EventType "swiss"]
[EventRounds "9"]
[EventCountry "AUT"]
[SourceTitle "CBM 065 Extra"]
[Source "ChessBase"]
[SourceDate "1998.09.09"]
[SourceVersion "1"]
[SourceVersionDate "1998.09.09"]
[SourceQuality "1"]

1. e4 c5 2. c3 d5 3. exd5 Qxd5 4. d4 Nf6 5. Nf3 Bg4 6. Be2 Nc6 7. h3 Bh5 8.
dxc5 Qxc5 9. Be3 Qa5 10. Qb3 Qc7 11. Na3 e6 12. Nb5 Qb8 13. Qa4 Bd6 14. O-O-O
Bc7 15. Bc5 a6 16. Nd6+ Bxd6 17. Bxd6 Qc8 18. Rhe1 b5 19. Qf4 Qb7 20. g4 Bg6
21. Ne5 Nxe5 22. Qxe5 Qc6 23. Ba3 Nd5 24. Bxb5 axb5 25. Qxd5 Qxd5 26. Rxd5 b4
27. cxb4 O-O 28. Rc5 Rad8 29. b5 Rd3 30. Re3 Rd4 31. Re1 h5 32. gxh5 Bf5 33.
Rxf5 exf5 34. Bxf8 Kxf8 35. Kc2 Rd6 36. Re5 g6 37. hxg6 fxg6 38. a4 Kf7 39. a5
Kf6 40. Rc5 1-0

[Event "Elekes Memorial IM"]
[Site "Budapest"]
[Date "1998.??.??"]
[Round "1"]
[White "Moser, Eva"]
[Black "Szabo, Zsolt"]
[Result "1/2-1/2"]
[WhiteElo "2180"]
[BlackElo "2345"]
[PlyCount "53"]
[EventDate "1998.05.??"]
[EventType "tourn"]
[EventRounds "11"]
[EventCountry "HUN"]
[EventCategory "2"]
[SourceTitle "EXT 2002"]
[Source "ChessBase"]
[SourceDate "2001.11.25"]
[SourceVersion "1"]
[SourceVersionDate "2001.11.25"]
[SourceQuality "1"]

1. e4 d6 2. d4 Nf6 3. Nc3 g6 4. Nf3 Bg7 5. Bd3 O-O 6. O-O Bg4 7. Be3 Nc6 8. Be2
Re8 9. d5 Bxf3 10. Bxf3 Ne5 11. Be2 c6 12. f4 Ned7 13. Kh1 Qa5 14. Bf3 Rac8 15.
dxc6 bxc6 16. Ne2 Nc5 17. e5 dxe5 18. fxe5 Nfd7 19. e6 fxe6 20. c3 Qc7 21. b4
Nb7 22. Qb3 Nd8 23. Bg4 Nf8 24. Nf4 Kh8 25. Rad1 Ra8 26. Nh3 Bf6 27. Nf4
1/2-1/2

[Event "AUT-chT2S 9798"]
[Site "Austria"]
[Date "1997.12.07"]
[Round "6"]
[White "Moser, Eva"]
[Black "Gelbmann, Norbert"]
[Result "0-1"]
[WhiteElo "2215"]
[BlackElo "2250"]
[PlyCount "80"]
[EventDate "1997.??.??"]
[EventType "team-tourn"]
[EventRounds "11"]
[EventCountry "AUT"]
[SourceTitle "EXT 1999"]
[Source "ChessBase"]
[SourceDate "1998.11.16"]
[SourceVersion "1"]
[SourceVersionDate "1998.11.16"]
[SourceQuality "1"]

1. e4 c5 2. Nc3 d6 3. g3 Nc6 4. Bg2 g6 5. d3 Bg7 6. f4 e6 7. Nf3 Nge7 8. O-O
O-O 9. Be3 b6 10. d4 d5 11. e5 Nf5 12. Bf2 cxd4 13. Nxd4 Nfxd4 14. Bxd4 Nxd4
15. Qxd4 Ba6 16. Rfe1 Qc7 17. Kh1 Rac8 18. Rad1 Qc4 19. Qe3 Qb4 20. Qc1 Rc7 21.
a3 Qc5 22. Rd2 Rfc8 23. Qd1 Qa5 24. Re3 b5 25. Na2 Bb7 26. c3 Bf8 27. Nc1 Qb6
28. Re1 a5 29. Qb3 Rc4 30. Ne2 Bc5 31. Red1 b4 32. axb4 axb4 33. Qa2 Ra8 34.
Qb1 b3 35. Nd4 Raa4 36. Bf1 Bxd4 37. cxd4 Rxd4 38. Rxd4 Rxd4 39. Qc1 Rxd1 40.
Qxd1 Qf2 0-1

[Event "AUT-chT2S 9798"]
[Site "Austria"]
[Date "1997.12.06"]
[Round "5"]
[White "Januschke, Markus"]
[Black "Moser, Eva"]
[Result "1/2-1/2"]
[WhiteElo "2195"]
[BlackElo "2215"]
[PlyCount "41"]
[EventDate "1997.??.??"]
[EventType "team-tourn"]
[EventRounds "11"]
[EventCountry "AUT"]
[SourceTitle "EXT 1999"]
[Source "ChessBase"]
[SourceDate "1998.11.16"]
[SourceVersion "1"]
[SourceVersionDate "1998.11.16"]
[SourceQuality "1"]

1. Nf3 Nf6 2. c4 d6 3. Nc3 g6 4. d4 Bg7 5. e4 O-O 6. Be2 e5 7. O-O Nc6 8. d5
Ne7 9. Bd2 h6 10. Ne1 Nd7 11. Nd3 f5 12. f3 g5 13. b4 Nf6 14. Rc1 Rf7 15. c5
Ng6 16. cxd6 cxd6 17. Be3 f4 18. Bf2 h5 19. a4 g4 20. a5 Bh6 21. Nb5 1/2-1/2

[Event "AUT-chT2S 9798"]
[Site "Austria"]
[Date "1997.11.16"]
[Round "4"]
[White "Moser, Eva"]
[Black "Schieder, Andreas"]
[Result "1-0"]
[WhiteElo "2215"]
[BlackElo "2125"]
[PlyCount "127"]
[EventDate "1997.??.??"]
[EventType "team-tourn"]
[EventRounds "11"]
[EventCountry "AUT"]
[SourceTitle "EXT 1999"]
[Source "ChessBase"]
[SourceDate "1998.11.16"]
[SourceVersion "1"]
[SourceVersionDate "1998.11.16"]
[SourceQuality "1"]

1. e4 e5 2. Nf3 Nf6 3. d4 Nxe4 4. Nxe5 Be7 5. Bd3 Nf6 6. O-O Nc6 7. c3 d6 8.
Nxc6 bxc6 9. Bg5 O-O 10. Nd2 Rb8 11. Re1 Be6 12. b3 h6 13. Bh4 d5 14. Nf3 Nd7
15. Bg3 Bd6 16. Ne5 Nxe5 17. Bxe5 Bxe5 18. Rxe5 Qf6 19. b4 a5 20. a3 Ra8 21.
Re3 Ra7 22. Rf3 Qe7 23. Re3 Qd6 24. Qd2 axb4 25. cxb4 Rb8 26. Rc1 Kf8 27. Rc3
Qf4 28. Bb1 Rba8 29. Qd3 g6 30. Rf3 Qg5 31. Qxg6 Qd2 32. h3 Ke8 33. Qd3 Qb2 34.
Kh2 Kd7 35. Qc2 Qa1 36. Qa2 Qxa2 37. Bxa2 Kd6 38. Kg1 Rg8 39. Rg3 Rxg3 40. Rxg3
Bf5 41. Rc3 Ra8 42. Kf1 Bg6 43. Ke2 Re8+ 44. Re3 Ra8 45. Kd2 Be4 46. g3 h5 47.
h4 Kd7 48. Kc1 Kc8 49. Kb2 Kb7 50. Bb3 Kb6 51. Bd1 Rh8 52. a4 Ka7 53. Ka3 Kb7
54. Rc3 Rh6 55. Be2 Ka7 56. a5 Kb7 57. Ka4 Rh8 58. b5 cxb5+ 59. Kxb5 Ka8 60.
Rxc7 Rb8+ 61. Ka6 Rh8 62. Bb5 Kb8 63. Rb7+ Ka8 64. Bc6 1-0

[Event "AUT-chT2S 9798"]
[Site "Austria"]
[Date "1997.11.15"]
[Round "3"]
[White "Moser, Eva"]
[Black "Genser, Harald"]
[Result "1-0"]
[WhiteElo "2215"]
[BlackElo "2145"]
[PlyCount "111"]
[EventDate "1997.??.??"]
[EventType "team-tourn"]
[EventRounds "11"]
[EventCountry "AUT"]
[SourceTitle "EXT 1999"]
[Source "ChessBase"]
[SourceDate "1998.11.16"]
[SourceVersion "1"]
[SourceVersionDate "1998.11.16"]
[SourceQuality "1"]

1. e4 c5 2. c3 d5 3. exd5 Qxd5 4. d4 Nc6 5. Nf3 Nf6 6. Be2 cxd4 7. cxd4 Bg4 8.
Nc3 Qa5 9. h3 Bh5 10. O-O e6 11. Qb3 Qb4 12. Qxb4 Bxb4 13. Be3 O-O 14. Rfd1
Rfd8 15. g4 Bg6 16. Nh4 Be7 17. Nxg6 hxg6 18. Bf3 Rd7 19. d5 Nxd5 20. Nxd5 exd5
21. Rxd5 Rxd5 22. Bxd5 Bf6 23. Rc1 Rd8 24. Bxc6 bxc6 25. Rxc6 Bxb2 26. Ra6 Bd4
27. Bxd4 Rxd4 28. Rxa7 Rd1+ 29. Kg2 g5 30. a4 Ra1 31. a5 f6 32. a6 Kh7 33. Ra8
Ra3 34. f3 Ra2+ 35. Kf1 Ra1+ 36. Ke2 Ra2+ 37. Ke3 Ra3+ 38. Ke4 Kg6 39. Ra7 Ra5
40. Ra8 Kh7 41. Kd4 Ra3 42. Kc5 Kg6 43. Kb6 Rb3+ 44. Ka7 Rxf3 45. Rh8 Rb3 46.
Ka8 f5 47. a7 fxg4 48. hxg4 Rb4 49. Rb8 Rxg4 50. Rb6+ Kf5 51. Kb7 Ra4 52. Ra6
Rb4+ 53. Kc6 Rc4+ 54. Kd7 Rd4+ 55. Ke7 Re4+ 56. Kf7 1-0

[Event "AUT-chT2S 9697"]
[Site "Austria"]
[Date "1997.??.??"]
[Round "10"]
[White "Bonstingl, Georg"]
[Black "Moser, Eva"]
[Result "1/2-1/2"]
[WhiteElo "2225"]
[BlackElo "2105"]
[PlyCount "83"]
[EventDate "1996.??.??"]
[EventType "team-tourn"]
[EventRounds "11"]
[EventCountry "AUT"]
[SourceTitle "EXT 1999"]
[Source "ChessBase"]
[SourceDate "1998.11.16"]
[SourceVersion "1"]
[SourceVersionDate "1998.11.16"]
[SourceQuality "1"]

1. Nf3 Nf6 2. g3 g6 3. Bg2 Bg7 4. d4 d6 5. c4 O-O 6. Nc3 Nc6 7. O-O e5 8. dxe5
dxe5 9. Qxd8 Rxd8 10. Bg5 Be6 11. Rac1 h6 12. Bxf6 Bxf6 13. b3 Rd7 14. Rfd1
Rad8 15. Kf1 Rxd1+ 16. Rxd1 Rxd1+ 17. Nxd1 Nb4 18. Nc3 c6 19. Nd2 Be7 20. Be4
a5 21. Nf3 f5 22. Bb1 Bd6 23. e4 Kf7 24. Ne1 Kf6 25. Nd3 Nxd3 26. Bxd3 Bb4 27.
Nd1 f4 28. Be2 Ba3 29. g4 Ke7 30. Bf3 Kd6 31. Ke2 a4 32. Kd3 Kc5 33. Nc3 axb3
34. axb3 Kb4 35. Kc2 b5 36. Na2+ Kc5 37. cxb5 Kxb5 38. Be2+ Kc5 39. Kc3 Kb6 40.
f3 Bc5 41. Bc4 Bd4+ 42. Kd3 1/2-1/2

[Event "EU-ch U16 Girls"]
[Site "Tallinn"]
[Date "1997.??.??"]
[Round "9"]
[White "Atalik, Ekaterina"]
[Black "Moser, Eva"]
[Result "1/2-1/2"]
[WhiteElo "2270"]
[BlackElo "2215"]
[PlyCount "20"]
[EventDate "1997.??.??"]
[EventType "swiss"]
[EventRounds "9"]
[EventCountry "EST"]
[SourceTitle "EXT 1998"]
[Source "ChessBase"]
[SourceDate "1997.11.17"]
[SourceVersion "1"]
[SourceVersionDate "1997.11.17"]
[SourceQuality "1"]

1. e4 e6 2. Nf3 d5 3. Nc3 Nf6 4. e5 Nfd7 5. Ne2 c5 6. c3 Nc6 7. d4 cxd4 8. cxd4
f6 9. Nf4 Nb6 10. Bd3 Bb4+ 1/2-1/2

[Event "AUT-chT2S 9697"]
[Site "Austria"]
[Date "1997.??.??"]
[Round "9"]
[White "Deutsch, Ludwig"]
[Black "Moser, Eva"]
[Result "1/2-1/2"]
[WhiteElo "2210"]
[BlackElo "2105"]
[PlyCount "62"]
[EventDate "1996.??.??"]
[EventType "team-tourn"]
[EventRounds "11"]
[EventCountry "AUT"]
[SourceTitle "EXT 1999"]
[Source "ChessBase"]
[SourceDate "1998.11.16"]
[SourceVersion "1"]
[SourceVersionDate "1998.11.16"]
[SourceQuality "1"]

1. c4 Nf6 2. Nc3 g6 3. g3 Bg7 4. Bg2 O-O 5. e4 e5 6. Nge2 Nc6 7. O-O d6 8. d3
Be6 9. Nd5 Nd7 10. Be3 Nd4 11. Nxd4 exd4 12. Bc1 a5 13. Nf4 Nc5 14. Nxe6 fxe6
15. f4 Qd7 16. Bh3 b5 17. b3 b4 18. a4 Rae8 19. Ra2 c6 20. Raf2 Qd8 21. Qc2 Bf6
22. Bg4 Bg7 23. h4 h5 24. Bh3 Bh6 25. Kh2 e5 26. f5 Bxc1 27. Qxc1 Nxd3 28. Qh6
Nxf2 29. Qxg6+ Kh8 30. Qxh5+ Kg7 31. Qg6+ Kh8 1/2-1/2

[Event "AUT-chT2S 9697"]
[Site "Austria"]
[Date "1997.??.??"]
[Round "8"]
[White "Moser, Eva"]
[Black "Klocker, Hartmut"]
[Result "0-1"]
[WhiteElo "2105"]
[BlackElo "2195"]
[PlyCount "72"]
[EventDate "1996.??.??"]
[EventType "team-tourn"]
[EventRounds "11"]
[EventCountry "AUT"]
[SourceTitle "EXT 1999"]
[Source "ChessBase"]
[SourceDate "1998.11.16"]
[SourceVersion "1"]
[SourceVersionDate "1998.11.16"]
[SourceQuality "1"]

1. e4 c5 2. Nc3 Nc6 3. g3 g6 4. Bg2 Bg7 5. d3 d6 6. f4 e5 7. Nf3 Nge7 8. O-O
O-O 9. Be3 Nd4 10. Rb1 Rb8 11. Ne2 Nxf3+ 12. Bxf3 exf4 13. Bxf4 Be6 14. c3 Nc6
15. b3 Rc8 16. Qd2 d5 17. Bg5 f6 18. exd5 Bxd5 19. Bxd5+ Qxd5 20. Be3 Ne5 21.
Nf4 Nf3+ 22. Rxf3 Qxf3 23. Ne6 Rfe8 24. Rf1 Qd5 25. Nxg7 Kxg7 26. d4 c4 27.
Bh6+ Kf7 28. Bg5 Re6 29. Qf4 f5 30. Qh4 h5 31. b4 Re2 32. Qh3 Qe4 33. Bf4 Re8
34. g4 Re1 35. gxh5 Qxf4 36. hxg6+ Kxg6 0-1

[Event "EU-ch U16 Girls"]
[Site "Tallinn"]
[Date "1997.??.??"]
[Round "8"]
[White "Morkunaite, Egle"]
[Black "Moser, Eva"]
[Result "0-1"]
[WhiteElo "2015"]
[BlackElo "2215"]
[PlyCount "110"]
[EventDate "1997.??.??"]
[EventType "swiss"]
[EventRounds "9"]
[EventCountry "EST"]
[SourceTitle "EXT 1998"]
[Source "ChessBase"]
[SourceDate "1997.11.17"]
[SourceVersion "1"]
[SourceVersionDate "1997.11.17"]
[SourceQuality "1"]

1. e4 e6 2. d4 d5 3. e5 c5 4. c3 Nc6 5. Nf3 Qb6 6. Be2 cxd4 7. cxd4 Nh6 8. b3
Nf5 9. Bb2 Bb4+ 10. Kf1 O-O 11. g4 Nh6 12. Rg1 Kh8 13. Qd3 Be7 14. a3 Bd7 15.
Nbd2 Be8 16. Rg3 Ng8 17. g5 f6 18. gxf6 gxf6 19. exf6 Rxf6 20. b4 Bg6 21. Qe3
Bd6 22. Rg4 Raf8 23. Nh4 Nge7 24. Nxg6+ Nxg6 25. f3 Bf4 26. Qc3 Bxh2 27. b5
Nce7 28. Kg2 Bf4 29. Rh1 Nf5 30. Nf1 Nh6 31. Rgh4 Nxh4+ 32. Rxh4 Rg8+ 33. Kf2
Qc7 34. Qxc7 Bxc7 35. Bd3 Nf5 36. Rh3 Rg7 37. Nh2 Bxh2 38. Rxh2 Rh6 39. Rxh6
Nxh6 40. Bc1 Nf5 41. Bf4 Kg8 42. a4 h5 43. Be5 Rg6 44. Bf1 Kf7 45. a5 Rg8 46.
Bd3 Ke7 47. Bf1 Rc8 48. Bd3 b6 49. Bxf5 exf5 50. axb6 axb6 51. Kg3 Rc3 52. Kf4
Ke6 53. Kg5 Rb3 54. Kxh5 Rxb5 55. Kh4 Rb2 0-1

[Event "EU-ch U16 Girls"]
[Site "Tallinn"]
[Date "1997.??.??"]
[Round "7"]
[White "Moser, Eva"]
[Black "Chasovnikova, Eugenia"]
[Result "0-1"]
[WhiteElo "2215"]
[BlackElo "2200"]
[PlyCount "76"]
[EventDate "1997.??.??"]
[EventType "swiss"]
[EventRounds "9"]
[EventCountry "EST"]
[SourceTitle "EXT 1998"]
[Source "ChessBase"]
[SourceDate "1997.11.17"]
[SourceVersion "1"]
[SourceVersionDate "1997.11.17"]
[SourceQuality "1"]

1. e4 c5 2. Nf3 Nc6 3. d4 cxd4 4. Nxd4 Nf6 5. Nc3 e5 6. Ndb5 d6 7. a4 a6 8. Na3
Be6 9. Bg5 Be7 10. Bxf6 Bxf6 11. Bc4 O-O 12. O-O Rc8 13. Nd5 Bg5 14. c3 Kh8 15.
Kh1 g6 16. Qd3 f5 17. f3 Bg8 18. Rad1 Bh6 19. b4 a5 20. b5 Nb8 21. Nc2 Nd7 22.
Nce3 Nc5 23. Qc2 fxe4 24. fxe4 Qh4 25. g4 Bf4 26. Nxf4 exf4 27. Ng2 Qxg4 28.
Bxg8 Kxg8 29. Qd2 f3 30. Qd5+ Rf7 31. Ne1 Qxe4 32. Nxf3 Qxd5 33. Rxd5 Nxa4 34.
Rxd6 Nxc3 35. Kg2 Nxb5 36. Rd5 Rc2+ 37. Kg3 Rb2 38. Re1 Rb3 0-1

[Event "EU-ch U16 Girls"]
[Site "Tallinn"]
[Date "1997.??.??"]
[Round "6"]
[White "Moshina, Cristina"]
[Black "Moser, Eva"]
[Result "0-1"]
[WhiteElo "2090"]
[BlackElo "2215"]
[PlyCount "64"]
[EventDate "1997.??.??"]
[EventType "swiss"]
[EventRounds "9"]
[EventCountry "EST"]
[SourceTitle "EXT 1998"]
[Source "ChessBase"]
[SourceDate "1997.11.17"]
[SourceVersion "1"]
[SourceVersionDate "1997.11.17"]
[SourceQuality "1"]

1. e4 e6 2. d4 d5 3. Nc3 Bb4 4. e5 c5 5. a3 Bxc3+ 6. bxc3 Ne7 7. Qg4 Qc7 8.
Qxg7 Rg8 9. Qxh7 cxd4 10. Ne2 Nbc6 11. f4 Bd7 12. Qd3 dxc3 13. Nxc3 a6 14. g3
Rc8 15. Bd2 Na5 16. Nd1 Nc4 17. Bc3 Bb5 18. Qh7 Ne3 19. Bxb5+ axb5 20. Nxe3
Qxc3+ 21. Ke2 d4 22. Ng2 Rg6 23. Rhd1 Qb2 24. Ne1 Nd5 25. Kf2 d3 26. f5 Qd4+
27. Kf3 Qe3+ 28. Kg2 Nf4+ 29. Kf1 Rxc2 30. Qh8+ Kd7 31. fxe6+ Kc7 32. Rd2 Qxd2
0-1